Zodpovednosť za vady veci predanej v obchode

Poukázanie na to, aké práva má kupujúci z titulu zodpovednosti za vady veci predanej v obchode voči predávajúcemu a aký je vplyv samotnej vady predanej veci na druh uplatneného práva. Praktické prípady zo súdnej praxe. Zmluva o obstaraní predaja veci.

Saved in:
Bibliographic Details
Main Author: Koniarová, J.
Format: Book Chapter
Language:Slovak
Subjects:
Tags: Add Tag
No Tags, Be the first to tag this record!

MARC

LEADER 00000naa a2200000 4500
001 r027558
005 20230919071200.1
041 0 |a slo 
044 |a SK 
245 1 0 |a Zodpovednosť za vady veci predanej v obchode  |c J. Koniarová 
520 |a Poukázanie na to, aké práva má kupujúci z titulu zodpovednosti za vady veci predanej v obchode voči predávajúcemu a aký je vplyv samotnej vady predanej veci na druh uplatneného práva. Praktické prípady zo súdnej praxe. Zmluva o obstaraní predaja veci. 
610 2 0 |a zodpovednosť za vady 
610 2 0 |a predaj 
610 2 0 |a kupujúci 
610 2 0 |a zákonník občiansky 
610 2 0 |a reklamácie 
100 1 |a Koniarová, J.